[Event "Deutsche Ländermeisterschaft 2023"]
[Site "Hannover GER"]
[Date "2023.10.03"]
[Round "4"]
[White "Pohle, Saskia"]
[Black "Herrmann, Arthur"]
[Result "0-1"]
[Termination "normal"]
[Board "3.5"]
[WhiteElo "1849"]
[BlackElo "1930"]
[WhiteClock "00:03:33"]
[BlackClock "00:23:36"]
[WhiteTeam "Sachsen-Anhalt"]
[BlackTeam "Sachsen"]
[PlyCount "120"]
[WhiteFideId "16201604"]
[BlackFideId "16287150"]
[EventCountry "GER"]
[EventRounds "7"]
[EventType "team-swiss"]
[EventDate "2023.09.30"]

1. e4 {[%clk 01:30:58]} {[%emt 00:00:01]} c6 {[%clk 01:30:54]} {[%emt
00:00:06]} 2. Nf3 {[%clk 01:31:24]} {[%emt 00:00:04]} d5 {[%clk 01:31:20]}
{[%emt 00:00:04]} 3. Nc3 {[%clk 01:31:48]} {[%emt 00:00:05]} Bg4 {[%clk
01:31:46]} {[%emt 00:00:05]} 4. h3 {[%clk 01:32:14]} {[%emt 00:00:05]} Bxf3
{[%clk 01:32:11]} {[%emt 00:00:04]} 5. Qxf3 {[%clk 01:32:39]} {[%emt 00:00:05]}
e6 {[%clk 01:32:30]} {[%emt 00:00:10]} 6. d3 {[%clk 01:33:00]} {[%emt
00:00:09]} Nd7 {[%clk 01:31:48]} {[%emt 00:01:13]} 7. Bd2 {[%clk 01:31:16]}
{[%emt 00:02:14]} Ngf6 {[%clk 01:30:00]} {[%emt 00:02:18]} 8. g4 {[%clk
01:28:57]} {[%emt 00:02:49]} h6 {[%clk 01:28:25]} {[%emt 00:02:05]} 9. Qg3
{[%clk 01:22:38]} {[%emt 00:06:49]} dxe4 {[%clk 01:05:53]} {[%emt 00:23:01]}
10. dxe4 {[%clk 01:21:59]} {[%emt 00:01:09]} Nc5 {[%clk 01:04:21]} {[%emt
00:02:02]} 11. Bg2 {[%clk 01:19:56]} {[%emt 00:02:33]} Bd6 {[%clk 00:56:11]}
{[%emt 00:08:40]} 12. f4 {[%clk 01:16:44]} {[%emt 00:03:42]} Bc7 {[%clk
00:51:20]} {[%emt 00:05:20]} 13. O-O-O {[%clk 01:11:40]} {[%emt 00:05:35]} Qe7
{[%clk 00:50:06]} {[%emt 00:01:45]} 14. Be3 {[%clk 01:06:46]} {[%emt 00:05:24]}
Nfd7 {[%clk 00:48:08]} {[%emt 00:02:28]} 15. Qf2 {[%clk 00:58:03]} {[%emt
00:09:13]} O-O-O {[%clk 00:43:32]} {[%emt 00:05:06]} 16. Rhe1 {[%clk 00:49:37]}
{[%emt 00:08:56]} Bb6 {[%clk 00:38:33]} {[%emt 00:05:29]} 17. e5 {[%clk
00:46:39]} {[%emt 00:03:29]} Na6 {[%clk 00:32:58]} {[%emt 00:06:04]} 18. Ne4
{[%clk 00:45:16]} {[%emt 00:01:53]} Kb8 {[%clk 00:31:52]} {[%emt 00:01:36]} 19.
Nd6 {[%clk 00:39:14]} {[%emt 00:06:32]} Nc7 {[%clk 00:28:09]} {[%emt 00:04:13]}
20. Rd3 {[%clk 00:28:22]} {[%emt 00:11:23]} Nd5 {[%clk 00:25:08]} {[%emt
00:03:32]} 21. Bxb6 {[%clk 00:27:22]} {[%emt 00:01:29]} N7xb6 {[%clk 00:24:53]}
{[%emt 00:00:44]} 22. Rb3 {[%clk 00:26:03]} {[%emt 00:01:49]} f6 {[%clk
00:14:19]} {[%emt 00:11:04]} 23. c4 {[%clk 00:17:27]} {[%emt 00:09:06]} fxe5
{[%clk 00:14:08]} {[%emt 00:00:41]} 24. cxd5 {[%clk 00:10:18]} {[%emt
00:07:40]} Qxd6 {[%clk 00:09:44]} {[%emt 00:04:53]} 25. fxe5 {[%clk 00:08:33]}
{[%emt 00:02:15]} Qd7 {[%clk 00:09:30]} {[%emt 00:00:44]} 26. d6 {[%clk
00:06:09]} {[%emt 00:02:55]} Rhf8 {[%clk 00:06:59]} {[%emt 00:03:00]} 27. Rf3
{[%clk 00:02:56]} {[%emt 00:03:43]} Qe8 {[%clk 00:07:10]} {[%emt 00:00:19]} 28.
Rf1 {[%clk 00:03:17]} {[%emt 00:00:09]} Rxf3 {[%clk 00:07:03]} {[%emt
00:00:38]} 29. Qxf3 {[%clk 00:03:43]} {[%emt 00:00:04]} Qg6 {[%clk 00:06:31]}
{[%emt 00:01:00]} 30. Qf4 {[%clk 00:02:39]} {[%emt 00:01:34]} Nd7 {[%clk
00:05:57]} {[%emt 00:01:05]} 31. Qe3 {[%clk 00:01:32]} {[%emt 00:01:38]} Qg5
{[%clk 00:04:46]} {[%emt 00:01:40]} 32. Qxg5 {[%clk 00:01:53]} {[%emt
00:00:09]} hxg5 {[%clk 00:05:15]} {[%emt 00:00:01]} 33. Rf7 {[%clk 00:01:37]}
{[%emt 00:00:47]} Nxe5 {[%clk 00:05:10]} {[%emt 00:00:35]} 34. Rxg7 {[%clk
00:02:04]} {[%emt 00:00:03]} Rxd6 {[%clk 00:05:20]} {[%emt 00:00:19]} 35. Rxg5
{[%clk 00:02:30]} {[%emt 00:00:05]} Nd3+ {[%clk 00:05:27]} {[%emt 00:00:23]}
36. Kb1 {[%clk 00:02:57]} {[%emt 00:00:03]} Ne1 {[%clk 00:05:27]} {[%emt
00:00:29]} 37. a3 {[%clk 00:01:46]} {[%emt 00:01:41]} Nxg2 {[%clk 00:05:48]}
{[%emt 00:00:10]} 38. Rg8+ {[%clk 00:01:46]} {[%emt 00:00:29]} Kc7 {[%clk
00:06:13]} {[%emt 00:00:05]} 39. g5 {[%clk 00:01:45]} {[%emt 00:00:32]} Rd5
{[%clk 00:05:05]} {[%emt 00:01:36]} 40. Kc2 {[%clk 00:01:02]} {[%emt 00:01:14]}
Ne1+ {[%clk 00:04:15]} {[%emt 00:01:20]} 41. Kc1 {[%clk 00:00:44]} {[%emt
00:00:48]} Nf3 {[%clk 00:04:14]} {[%emt 00:00:29]} 42. g6 {[%clk 00:25:49]}
{[%emt 00:05:27]} Rg5 {[%clk 00:33:09]} {[%emt 00:01:33]} 43. Kb1 {[%clk
00:14:22]} {[%emt 00:11:59]} Nh4 {[%clk 00:31:18]} {[%emt 00:02:21]} 44. Rh8
{[%clk 00:13:33]} {[%emt 00:01:20]} Nxg6 {[%clk 00:31:14]} {[%emt 00:00:34]}
45. Rh7+ {[%clk 00:13:57]} {[%emt 00:00:06]} Kb6 {[%clk 00:31:34]} {[%emt
00:00:10]} 46. h4 {[%clk 00:14:19]} {[%emt 00:00:09]} Rg1+ {[%clk 00:29:52]}
{[%emt 00:02:12]} 47. Ka2 {[%clk 00:14:28]} {[%emt 00:00:21]} Rh1 {[%clk
00:30:01]} {[%emt 00:00:20]} 48. h5 {[%clk 00:14:41]} {[%emt 00:00:18]} Nf4
{[%clk 00:30:06]} {[%emt 00:00:25]} 49. h6 {[%clk 00:14:47]} {[%emt 00:00:25]}
Nd5 {[%clk 00:30:07]} {[%emt 00:00:27]} 50. Kb3 {[%clk 00:12:06]} {[%emt
00:03:12]} e5 {[%clk 00:29:01]} {[%emt 00:01:36]} 51. Kc4 {[%clk 00:07:20]}
{[%emt 00:05:16]} e4 {[%clk 00:28:30]} {[%emt 00:01:02]} 52. Rh8 {[%clk
00:06:51]} {[%emt 00:00:59]} Nf6 {[%clk 00:27:45]} {[%emt 00:01:13]} 53. Kd4
{[%clk 00:07:13]} {[%emt 00:00:10]} e3 {[%clk 00:27:15]} {[%emt 00:01:00]} 54.
Kxe3 {[%clk 00:07:31]} {[%emt 00:00:12]} Rxh6 {[%clk 00:27:27]} {[%emt
00:00:18]} 55. Rd8 {[%clk 00:06:57]} {[%emt 00:01:03]} Nd5+ {[%clk 00:27:37]}
{[%emt 00:00:20]} 56. Kd2 {[%clk 00:06:53]} {[%emt 00:00:35]} Rh2+ {[%clk
00:27:30]} {[%emt 00:00:36]} 57. Kc1 {[%clk 00:07:07]} {[%emt 00:00:16]} a5
{[%clk 00:25:38]} {[%emt 00:02:22]} 58. Re8 {[%clk 00:05:08]} {[%emt 00:02:30]}
Kb5 {[%clk 00:25:17]} {[%emt 00:00:52]} 59. Re4 {[%clk 00:05:11]} {[%emt
00:00:27]} Kc5 {[%clk 00:23:47]} {[%emt 00:01:58]} 60. Kb1 {[%clk 00:03:33]}
{[%emt 00:02:08]} b5 {[%clk 00:23:36]} {[%emt 00:00:41]} 0-1

[Event "Deutsche Ländermeisterschaft 2023"]
[Site "Hannover GER"]
[Date "2023.10.03"]
[Round "4"]
[White "Glowiak, Alexandra"]
[Black "Voigt, Anastasia"]
[Result "1/2-1/2"]
[Termination "normal"]
[Board "3.6"]
[WhiteElo "1683"]
[BlackElo "1925"]
[WhiteClock "00:01:12"]
[BlackClock "00:03:06"]
[WhiteTeam "Sachsen"]
[BlackTeam "Sachsen-Anhalt"]
[PlyCount "131"]
[WhiteFideId "16259530"]
[BlackFideId "16235223"]
[EventCountry "GER"]
[EventRounds "7"]
[EventType "team-swiss"]
[EventDate "2023.09.30"]

1. e4 {[%clk 01:30:58]} {[%emt 00:00:02]} e5 {[%clk 01:30:56]} {[%emt
00:00:04]} 2. Nf3 {[%clk 01:31:22]} {[%emt 00:00:05]} Nc6 {[%clk 01:31:23]}
{[%emt 00:00:03]} 3. Bc4 {[%clk 01:31:49]} {[%emt 00:00:04]} Bc5 {[%clk
01:31:43]} {[%emt 00:00:10]} 4. c3 {[%clk 01:32:13]} {[%emt 00:00:06]} Nf6
{[%clk 01:32:09]} {[%emt 00:00:04]} 5. d3 {[%clk 01:32:38]} {[%emt 00:00:04]}
d6 {[%clk 01:32:32]} {[%emt 00:00:06]} 6. O-O {[%clk 01:33:00]} {[%emt
00:00:09]} a6 {[%clk 01:32:57]} {[%emt 00:00:05]} 7. Bb3 {[%clk 01:33:13]}
{[%emt 00:00:16]} Ba7 {[%clk 01:32:49]} {[%emt 00:00:38]} 8. Nbd2 {[%clk
01:32:52]} {[%emt 00:00:51]} O-O {[%clk 01:33:04]} {[%emt 00:00:15]} 9. Re1
{[%clk 01:30:25]} {[%emt 00:02:57]} h6 {[%clk 01:31:04]} {[%emt 00:02:29]} 10.
Nf1 {[%clk 01:29:16]} {[%emt 00:01:40]} Re8 {[%clk 01:29:48]} {[%emt 00:01:46]}
11. Ng3 {[%clk 01:28:26]} {[%emt 00:01:20]} Be6 {[%clk 01:23:56]} {[%emt
00:06:21]} 12. Bxe6 {[%clk 01:22:50]} {[%emt 00:06:07]} Rxe6 {[%clk 01:23:45]}
{[%emt 00:00:40]} 13. d4 {[%clk 01:15:03]} {[%emt 00:08:18]} exd4 {[%clk
01:22:33]} {[%emt 00:01:42]} 14. cxd4 {[%clk 01:13:59]} {[%emt 00:01:35]} d5
{[%clk 01:18:15]} {[%emt 00:04:46]} 15. e5 {[%clk 01:12:19]} {[%emt 00:02:12]}
Nd7 {[%clk 01:14:34]} {[%emt 00:04:09]} 16. Nf5 {[%clk 01:03:18]} {[%emt
00:09:33]} Qf8 {[%clk 00:59:34]} {[%emt 00:15:29]} 17. a3 {[%clk 00:53:00]}
{[%emt 00:10:50]} f6 {[%clk 00:57:11]} {[%emt 00:02:51]} 18. Ne3 {[%clk
00:41:04]} {[%emt 00:12:27]} Nb6 {[%clk 00:54:20]} {[%emt 00:03:21]} 19. exf6
{[%clk 00:39:54]} {[%emt 00:01:40]} Qxf6 {[%clk 00:50:21]} {[%emt 00:04:28]}
20. Ng4 {[%clk 00:25:13]} {[%emt 00:15:11]} Qf5 {[%clk 00:45:02]} {[%emt
00:05:48]} 21. Rxe6 {[%clk 00:24:59]} {[%emt 00:00:45]} Qxe6 {[%clk 00:45:18]}
{[%emt 00:00:13]} 22. Nge5 {[%clk 00:22:02]} {[%emt 00:03:28]} Nd7 {[%clk
00:42:59]} {[%emt 00:02:48]} 23. Nxc6 {[%clk 00:20:48]} {[%emt 00:01:44]} Qxc6
{[%clk 00:40:21]} {[%emt 00:03:07]} 24. Bf4 {[%clk 00:17:59]} {[%emt 00:03:21]}
Qb6 {[%clk 00:36:13]} {[%emt 00:04:34]} 25. b4 {[%clk 00:16:57]} {[%emt
00:01:35]} Re8 {[%clk 00:35:32]} {[%emt 00:01:09]} 26. Qd3 {[%clk 00:10:46]}
{[%emt 00:06:43]} Re4 {[%clk 00:34:39]} {[%emt 00:01:21]} 27. Be3 {[%clk
00:10:44]} {[%emt 00:00:33]} Qe6 {[%clk 00:28:51]} {[%emt 00:06:16]} 28. Re1
{[%clk 00:08:33]} {[%emt 00:02:43]} c6 {[%clk 00:28:12]} {[%emt 00:01:09]} 29.
Kf1 {[%clk 00:07:40]} {[%emt 00:01:23]} Qe8 {[%clk 00:26:51]} {[%emt 00:01:49]}
30. Nd2 {[%clk 00:07:24]} {[%emt 00:00:47]} Re6 {[%clk 00:26:39]} {[%emt
00:00:40]} 31. Nb3 {[%clk 00:06:50]} {[%emt 00:01:06]} Nb6 {[%clk 00:24:35]}
{[%emt 00:02:33]} 32. Nc5 {[%clk 00:05:54]} {[%emt 00:01:28]} Re7 {[%clk
00:24:23]} {[%emt 00:00:41]} 33. Bd2 {[%clk 00:03:54]} {[%emt 00:02:31]} Rxe1+
{[%clk 00:19:29]} {[%emt 00:05:24]} 34. Bxe1 {[%clk 00:04:23]} Qf7 {[%clk
00:19:44]} {[%emt 00:00:14]} 35. Bd2 {[%clk 00:02:38]} {[%emt 00:02:16]} Nc4
{[%clk 00:18:53]} {[%emt 00:01:20]} 36. Bc1 {[%clk 00:02:40]} {[%emt 00:00:29]}
a5 {[%clk 00:13:19]} {[%emt 00:06:03]} 37. Qg3 {[%clk 00:02:02]} {[%emt
00:01:08]} Kh8 {[%clk 00:11:10]} {[%emt 00:02:39]} 38. Qh3 {[%clk 00:01:47]}
{[%emt 00:00:46]} Kh7 {[%clk 00:08:03]} {[%emt 00:03:37]} 39. Ne6 {[%clk
00:00:57]} {[%emt 00:01:21]} Kg8 {[%clk 00:06:19]} {[%emt 00:02:11]} 40. Qg4
{[%clk 00:00:36]} {[%emt 00:00:52]} Qf6 {[%clk 00:05:28]} {[%emt 00:01:19]} 41.
Nc5 {[%clk 00:28:31]} {[%emt 00:02:37]} Bxc5 {[%clk 00:33:26]} {[%emt
00:02:32]} 42. bxc5 {[%clk 00:28:09]} {[%emt 00:00:52]} b5 {[%clk 00:33:13]}
{[%emt 00:00:43]} 43. cxb6 {[%clk 00:27:03]} {[%emt 00:01:36]} Nxb6 {[%clk
00:33:33]} {[%emt 00:00:08]} 44. h4 {[%clk 00:22:40]} {[%emt 00:04:54]} Nc4
{[%clk 00:31:54]} {[%emt 00:02:07]} 45. g3 {[%clk 00:18:36]} {[%emt 00:04:36]}
Nd6 {[%clk 00:25:59]} {[%emt 00:06:24]} 46. Bd2 {[%clk 00:10:56]} {[%emt
00:08:11]} Nf5 {[%clk 00:24:43]} {[%emt 00:01:45]} 47. Kg2 {[%clk 00:09:54]}
{[%emt 00:01:32]} a4 {[%clk 00:19:39]} {[%emt 00:05:34]} 48. Bc3 {[%clk
00:07:47]} {[%emt 00:02:38]} Qe6 {[%clk 00:17:54]} {[%emt 00:02:13]} 49. Qf4
{[%clk 00:07:15]} {[%emt 00:01:02]} Nd6 {[%clk 00:16:40]} {[%emt 00:01:43]} 50.
Bb4 {[%clk 00:07:18]} {[%emt 00:00:29]} Qe4+ {[%clk 00:15:27]} {[%emt
00:01:42]} 51. Qxe4 {[%clk 00:07:30]} {[%emt 00:00:19]} Nxe4 {[%clk 00:15:52]}
{[%emt 00:00:04]} 52. f3 {[%clk 00:07:39]} {[%emt 00:00:22]} Nf6 {[%clk
00:16:14]} {[%emt 00:00:07]} 53. g4 {[%clk 00:06:49]} {[%emt 00:01:21]} g6
{[%clk 00:15:04]} {[%emt 00:01:40]} 54. Kg3 {[%clk 00:06:35]} {[%emt 00:00:44]}
Kf7 {[%clk 00:14:31]} {[%emt 00:01:03]} 55. Kf4 {[%clk 00:04:07]} {[%emt
00:02:58]} Nd7 {[%clk 00:13:00]} {[%emt 00:02:00]} 56. Ke3 {[%clk 00:02:48]}
{[%emt 00:01:51]} Ke6 {[%clk 00:10:53]} {[%emt 00:02:36]} 57. Kd3 {[%clk
00:02:25]} {[%emt 00:00:53]} h5 {[%clk 00:09:58]} {[%emt 00:01:25]} 58. Ke3
{[%clk 00:02:33]} {[%emt 00:00:24]} Kf6 {[%clk 00:08:00]} {[%emt 00:02:26]} 59.
Kf4 {[%clk 00:02:32]} {[%emt 00:00:32]} Nb6 {[%clk 00:08:07]} {[%emt 00:00:22]}
60. Ba5 {[%clk 00:01:54]} {[%emt 00:01:07]} Nc4 {[%clk 00:06:49]} {[%emt
00:01:49]} 61. Bb4 {[%clk 00:02:13]} {[%emt 00:00:12]} Nb2 {[%clk 00:06:12]}
{[%emt 00:01:06]} 62. Kg3 {[%clk 00:01:55]} {[%emt 00:00:48]} Nc4 {[%clk
00:04:48]} {[%emt 00:01:55]} 63. Kf4 {[%clk 00:01:49]} {[%emt 00:00:37]} Nb2
{[%clk 00:05:12]} {[%emt 00:00:05]} 64. Ke3 {[%clk 00:01:01]} {[%emt 00:01:18]}
Nc4+ {[%clk 00:03:16]} {[%emt 00:02:26]} 65. Kf4 {[%clk 00:00:55]} {[%emt
00:00:36]} Nb2 {[%clk 00:03:06]} {[%emt 00:00:40]} 66. Kg3 {[%clk 00:01:12]}
{[%emt 00:00:13]} 1/2-1/2

[Event "Deutsche Ländermeisterschaft 2023"]
[Site "Hannover GER"]
[Date "2023.10.03"]
[Round "4"]
[White "Shevchenko, Igor"]
[Black "Nguyen, Jenny Ha-Linh"]
[Result "1-0"]
[Termination "normal"]
[Board "3.7"]
[WhiteElo "1521"]
[BlackElo "1591"]
[WhiteClock "00:43:37"]
[BlackClock "00:02:42"]
[WhiteTeam "Sachsen-Anhalt"]
[BlackTeam "Sachsen"]
[PlyCount "111"]
[WhiteFideId "34634924"]
[BlackFideId "16209729"]
[EventCountry "GER"]
[EventRounds "7"]
[EventType "team-swiss"]
[EventDate "2023.09.30"]

1. d4 {[%clk 01:30:59]} Nf6 {[%clk 01:30:55]} {[%emt 00:00:05]} 2. c4 {[%clk
01:31:23]} {[%emt 00:00:06]} g6 {[%clk 01:31:18]} {[%emt 00:00:07]} 3. Nc3
{[%clk 01:31:43]} {[%emt 00:00:09]} Bg7 {[%clk 01:31:40]} {[%emt 00:00:09]} 4.
e4 {[%clk 01:32:02]} {[%emt 00:00:11]} d6 {[%clk 01:32:02]} {[%emt 00:00:07]}
5. f3 {[%clk 01:32:24]} {[%emt 00:00:08]} O-O {[%clk 01:32:10]} {[%emt
00:00:21]} 6. Be3 {[%clk 01:32:36]} {[%emt 00:00:19]} e5 {[%clk 01:31:08]}
{[%emt 00:01:32]} 7. Nge2 {[%clk 01:32:19]} {[%emt 00:00:47]} Nbd7 {[%clk
01:28:10]} {[%emt 00:03:28]} 8. Qd2 {[%clk 01:31:36]} {[%emt 00:01:14]} exd4
{[%clk 01:20:15]} {[%emt 00:08:25]} 9. Nxd4 {[%clk 01:31:16]} {[%emt 00:00:50]}
Ne5 {[%clk 01:18:07]} {[%emt 00:02:37]} 10. Be2 {[%clk 01:30:50]} {[%emt
00:00:57]} a6 {[%clk 01:14:23]} {[%emt 00:04:13]} 11. O-O {[%clk 01:30:02]}
{[%emt 00:01:19]} Bd7 {[%clk 01:10:58]} {[%emt 00:03:55]} 12. Rac1 {[%clk
01:27:36]} {[%emt 00:02:56]} Qe8 {[%clk 01:03:34]} {[%emt 00:07:54]} 13. Nd5
{[%clk 01:26:06]} {[%emt 00:02:01]} Nxd5 {[%clk 00:59:15]} {[%emt 00:04:48]}
14. cxd5 {[%clk 01:25:41]} {[%emt 00:00:56]} c5 {[%clk 00:55:44]} {[%emt
00:04:00]} 15. dxc6 {[%clk 01:25:44]} {[%emt 00:00:28]} bxc6 {[%clk 00:53:50]}
{[%emt 00:02:23]} 16. Nb3 {[%clk 01:24:00]} {[%emt 00:02:14]} Qe7 {[%clk
00:49:31]} {[%emt 00:04:49]} 17. Rfd1 {[%clk 01:22:53]} {[%emt 00:01:37]} Be6
{[%clk 00:37:13]} {[%emt 00:12:48]} 18. Nd4 {[%clk 01:19:44]} {[%emt 00:03:40]}
d5 {[%clk 00:31:50]} {[%emt 00:05:53]} 19. Nxe6 {[%clk 01:19:35]} {[%emt
00:00:40]} Qxe6 {[%clk 00:30:30]} {[%emt 00:01:49]} 20. exd5 {[%clk 01:19:21]}
{[%emt 00:00:44]} cxd5 {[%clk 00:29:50]} {[%emt 00:01:10]} 21. Qxd5 {[%clk
01:17:56]} {[%emt 00:01:56]} Qf6 {[%clk 00:25:50]} {[%emt 00:04:30]} 22. b3
{[%clk 01:09:17]} {[%emt 00:09:09]} Rfe8 {[%clk 00:22:51]} {[%emt 00:03:28]}
23. Qc5 {[%clk 01:00:05]} {[%emt 00:09:43]} Bf8 {[%clk 00:20:05]} {[%emt
00:03:16]} 24. Qd4 {[%clk 00:57:27]} {[%emt 00:03:08]} a5 {[%clk 00:14:25]}
{[%emt 00:06:09]} 25. Bb5 {[%clk 00:54:52]} {[%emt 00:03:06]} Rad8 {[%clk
00:13:28]} {[%emt 00:01:28]} 26. Qf4 {[%clk 00:49:14]} {[%emt 00:06:08]} Qxf4
{[%clk 00:10:48]} {[%emt 00:03:10]} 27. Bxf4 {[%clk 00:49:24]} {[%emt
00:00:21]} Rxd1+ {[%clk 00:11:00]} {[%emt 00:00:17]} 28. Rxd1 {[%clk 00:49:48]}
{[%emt 00:00:06]} Re6 {[%clk 00:09:50]} {[%emt 00:01:40]} 29. Rd5 {[%clk
00:48:31]} {[%emt 00:01:47]} f6 {[%clk 00:08:28]} {[%emt 00:01:52]} 30. Bd2
{[%clk 00:47:59]} {[%emt 00:01:01]} Nc6 {[%clk 00:05:25]} {[%emt 00:03:35]} 31.
Bc4 {[%clk 00:46:54]} {[%emt 00:01:36]} Kg7 {[%clk 00:05:00]} {[%emt 00:00:55]}
32. Rxa5 {[%clk 00:46:27]} {[%emt 00:00:57]} Rd6 {[%clk 00:04:18]} {[%emt
00:01:12]} 33. Rd5 {[%clk 00:46:34]} {[%emt 00:00:23]} Rxd5 {[%clk 00:04:45]}
{[%emt 00:00:03]} 34. Bxd5 {[%clk 00:46:57]} {[%emt 00:00:07]} Bc5+ {[%clk
00:04:59]} {[%emt 00:00:16]} 35. Kf1 {[%clk 00:47:09]} {[%emt 00:00:18]} Ne5
{[%clk 00:05:18]} {[%emt 00:00:11]} 36. Ke2 {[%clk 00:47:07]} {[%emt 00:00:33]}
Kf8 {[%clk 00:05:14]} {[%emt 00:00:33]} 37. Bc3 {[%clk 00:47:06]} {[%emt
00:00:30]} Ke7 {[%clk 00:05:04]} {[%emt 00:00:41]} 38. b4 {[%clk 00:45:23]}
{[%emt 00:02:14]} Bg1 {[%clk 00:04:54]} {[%emt 00:00:39]} 39. h3 {[%clk
00:45:40]} {[%emt 00:00:13]} Kd6 {[%clk 00:05:11]} {[%emt 00:00:13]} 40. Bg8
{[%clk 00:45:52]} {[%emt 00:00:18]} h6 {[%clk 00:05:22]} {[%emt 00:00:19]} 41.
f4 {[%clk 00:46:02]} {[%emt 00:00:20]} Nd7 {[%clk 00:05:24]} {[%emt 00:00:27]}
42. Bb3 {[%clk 00:45:40]} {[%emt 00:00:53]} g5 {[%clk 00:04:25]} {[%emt
00:01:29]} 43. fxg5 {[%clk 00:45:48]} {[%emt 00:00:21]} hxg5 {[%clk 00:04:45]}
{[%emt 00:00:10]} 44. a4 {[%clk 00:45:41]} {[%emt 00:00:37]} Kc6 {[%clk
00:04:12]} {[%emt 00:01:03]} 45. Kf3 {[%clk 00:45:21]} {[%emt 00:00:49]} Bh2
{[%clk 00:03:02]} {[%emt 00:01:41]} 46. Ke4 {[%clk 00:44:06]} {[%emt 00:01:45]}
Bd6 {[%clk 00:02:14]} {[%emt 00:01:18]} 47. Kf5 {[%clk 00:42:43]} {[%emt
00:01:54]} Be7 {[%clk 00:01:14]} {[%emt 00:01:30]} 48. Ke6 {[%clk 00:42:38]}
{[%emt 00:00:35]} Bd8 {[%clk 00:01:37]} {[%emt 00:00:06]} 49. b5+ {[%clk
00:42:47]} {[%emt 00:00:21]} Kc7 {[%clk 00:01:57]} {[%emt 00:00:10]} 50. Ba5+
{[%clk 00:43:06]} {[%emt 00:00:12]} Nb6 {[%clk 00:02:23]} {[%emt 00:00:03]} 51.
Bc3 {[%clk 00:43:11]} {[%emt 00:00:25]} Nd7 {[%clk 00:02:43]} {[%emt 00:00:10]}
52. Bd4 {[%clk 00:42:57]} {[%emt 00:00:44]} Kc8 {[%clk 00:02:33]} {[%emt
00:00:40]} 53. Bd5 {[%clk 00:42:37]} {[%emt 00:00:50]} Nf8+ {[%clk 00:02:14]}
{[%emt 00:00:49]} 54. Kf7 {[%clk 00:42:51]} {[%emt 00:00:16]} Nd7 {[%clk
00:02:23]} {[%emt 00:00:20]} 55. Be6 {[%clk 00:43:18]} {[%emt 00:00:04]} Kc7
{[%clk 00:02:42]} {[%emt 00:00:11]} 56. Bxd7 {[%clk 00:43:37]} {[%emt
00:00:12]} 1-0